000 01015cam a2200241 4500
008 090401t1997 xxu||||| |||| 00| 0 eng d
020 _a1854315870
035 _a(Sirsi) u53970
041 _aeng
050 _a347.4109
245 _aCommercial and consumer arbitration statutes and rules.
260 _aLondon
_bBlackstone Press Ltd.
_c1997
300 _axviii,783p. ; 24cm.
350 _a60
520 _aA consolidated guide to European and International arbitration law and practice, this textbook includes the full text of the Arbitration Act 1996 as well as the rules of various institutions and specialist bodies.
650 _aARBITRATION ACT 1996
650 _aMANAGEMENT-DISPUTE AVOIDANCE, MANAGEMENT AND RESOLUTION-DISPUTE MANAGEMENT AND RESOLUTION-ARBITRATION
650 _aCOMMERCIAL ARBITRATION
690 _aMANAGEMENT-DISPUTE AVOIDANCE, MANAGEMENT AND RESOLUTION-DISPUTE MANAGEMENT AND RESOLUTION-ARBITRATION
700 _aChapman, M.J.
_xEditor
942 _n0
948 _c04/03/1997
999 _c93378
_d93378